|
|
|
|
| LEADER |
01185nab#a2200337#ar4500 |
| 001 |
000074979 |
| 003 |
SVKKK |
| 005 |
20090309130810.0 |
| 008 |
080707d1901 xo |||||||||||||||b|hun |
| FMT |
|
|
|
| 038 |
|
|
|a SVKKK
|
| 040 |
|
|
|a SVKKK
|b slo
|e AACR2
|
| 041 |
0 |
|
|a hun
|
| 044 |
|
|
|a xo
|c SK
|
| 080 |
|
|
|a 323
|2 1997
|
| 242 |
1 |
0 |
|a V Kráľovskom Chlmci-
|y slo
|
| 245 |
1 |
0 |
|a Királyhelmeczen-
|
| 500 |
|
|
|a mikrofilm
|
| 520 |
2 |
|
|a Správa o oslavách národného sviatku 15. marca [1848] v Kráľovskom Chlmci 15. marca 1901. Faklový sprievod ku hradu Csonka, následne prejav notára Jána Kemechey-ho a večer stretnutie v hostinci "Rigó"
|
| 600 |
1 |
4 |
|a Kemechey, Ján
|d 18??-1902
|x notár mestský
|
| 650 |
0 |
4 |
|a sviatky národné (15.marec)
|x fakľový sprievod
|x notár mestský (organizátor)
|z Kráľovský Chlmec (Slovensko)
|y 15.03.1901
|
| 655 |
|
4 |
|a hungariká
|
| 773 |
0 |
|
|t Felsőmagyarországi Hirlap : Politikai ujság
|g Roč. 4, č. 22 (15.03.1901) s. 3
|
| 957 |
|
|
|a Kráľovský Chlmec
|
| 958 |
|
|
|a DG
|
| 958 |
|
|
|a HU
|
| 974 |
|
|
|a Ba
|
| 992 |
|
|
|a RBX
|
| 997 |
|
|
|a Kemechey, János p. Kemechey, Ján
|d Királyhelmec p. Kráľovský Chlmec
|
| BAS |
|
|
|
| 998 |
|
|
|a RETRO
|